Statistics for Quick-Step Floors 2018 Stage Winners (Cycling)

Click here to take the quiz!

General Stats

  • This quiz has been taken 87 times
  • The average score is 48 of 73

Answer Stats

# WinRaceRider% Correct
26La Flèche WallonneJulian Alaphilippe
94%
52Clasica Ciclista San SebastianJulian Alaphilippe
94%
51Tour de France - Stage 16Julian Alaphilippe
94%
50Tour de France - Stage 10Julian Alaphilippe
94%
23Itzulia Basque Country - Stage 2Julian Alaphilippe
94%
8Colombia Oro y Paz - Stage 4Julian Alaphilippe
94%
22Itzulia Basque Country - Stage 1Julian Alaphilippe
94%
38Critérium du Dauphiné - Stage 4Julian Alaphilippe
94%
61Tour of Britain - GCJulian Alaphilippe
94%
67Okolo Slovenska - GCJulian Alaphilippe
94%
59Tour of Britain - Stage 3Julian Alaphilippe
94%
63Okolo Slovenska - Stage 1Julian Alaphilippe
94%
32Giro d'Italia - Stage 13Elia Viviani
77%
55Cyclassics HamburgElia Viviani
77%
28Giro d'Italia - Stage 2Elia Viviani
77%
29Giro d'Italia - Stage 3Elia Viviani
77%
1Tour Down Under - Stage 3Elia Viviani
77%
35Giro d'Italia - Stage 17Elia Viviani
77%
40Adriatica Ionica Race - Stage 2Elia Viviani
77%
41Adriatica Ionica Race - Stage 4Elia Viviani
77%
43Adriatica Ionica Race - Stage 5Elia Viviani
77%
45NC Italy - Road RaceElia Viviani
77%
60Vuelta a España - Stage 10Elia Viviani
77%
66Vuelta a España - Stage 21Elia Viviani
77%
58Vuelta a España - Stage 3Elia Viviani
77%
11Abu Dhabi Tour - Stage 2Elia Viviani
77%
10Dubai Tour - GCElia Viviani
77%
9Dubai Tour - Stage 5Elia Viviani
77%
6Dubai Tour - Stage 2Elia Viviani
77%
17Driedaagse Brugge - De PanneElia Viviani
77%
69Grand Prix d'IsberguesPhilippe Gilbert
76%
20Dwars door VlaanderenYves Lampaert
75%
42NC Belgium - Road RaceYves Lampaert
73%
4Colombia Oro y Paz - Stage 1Fernando Gaviria
69%
5Colombia Oro y Paz - Stage 2Fernando Gaviria
69%
30Tour of California - Stage 1Fernando Gaviria
69%
31Tour of California - Stage 5Fernando Gaviria
69%
33Tour of California - Stage 7Fernando Gaviria
69%
7Colombia Oro y Paz - Stage 3Fernando Gaviria
69%
2Vuelta a San Juan - Stage 1Fernando Gaviria
69%
49Tour de France - Stage 4Fernando Gaviria
69%
48Tour de France - Stage 1Fernando Gaviria
69%
12Le SamynNiki Terpstra
66%
21Ronde van VlaanderenNiki Terpstra
66%
18E3 HarelbekeNiki Terpstra
66%
27Liège - Bastogne - LiègeBob Jungels
62%
46NC Luxembourg - Road RaceBob Jungels
62%
44NC Luxembourg - Individual Time trialBob Jungels
62%
62Okolo Slovenska - PrologueBob Jungels
62%
64Vuelta a España - Stage 20Enric Mas
61%
25Itzulia Basque Country - Stage 6Enric Mas
61%
65Okolo Slovenska - Stage 4Fabio Jakobsen
54%
72Tour of Guangxi - Stage 3Fabio Jakobsen
54%
73Tour of Guangxi - Stage 6Fabio Jakobsen
54%
34Tour des Fjords - Stage 1Fabio Jakobsen
54%
54Binck Bank Tour - Stage 1Fabio Jakobsen
54%
14Nokere KoerseFabio Jakobsen
54%
24ScheldeprijsFabio Jakobsen
54%
15Handzame ClassicAlvaro Hodeg
44%
71Tour of Turkey - Stage 5Alvaro Hodeg
44%
53Tour de Pologne - Stage 3Alvaro Hodeg
44%
56Deutschland Tour - Stage 1Alvaro Hodeg
44%
16Volta Ciclista a Catalunya - Stage 1Alvaro Hodeg
44%
47NC Denmark - Road RaceMichael Morkov
39%
68WC - Team Time TrialQuick-Step Floors
34%
37Hammer Series - LimburgQuick-Step Floors
34%
39Adriatica Ionica Race - Team Time TrialQuick-Step Floors
34%
70Tour of Turkey - Stage 1Maximiliano Richeze
28%
3Vuelta a San Juan - Stage 4Maximiliano Richeze
28%
36Giro d'Italia - Stage 18Maximilian Schachmann
23%
57Deutschland Tour - Stage 2Maximilian Schachmann
23%
19Volta Ciclista a Catalunya - Stage 6Maximilian Schachmann
23%
13Dwars door West-VlaanderenRemi Cavagna
23%

Score Distribution

Percentile by Number Answered

Percent of People with Each Score

Your Score History

You have not taken this quiz